00727nam 22001933 4500001000700000010001800007021001800025100004100043200010800084210005300192215003500245225006000280300006200340606005000402675001600452700003700468801001800505830001000523202674 a972-31-1025-3 aPTb202208/03 a20260622d u||y0pory50 ba aAntónio José Landi (1713-1791): um artista entre dois continentes fIsabel Mayer Godinho Mendonça a[Lisboa]cFundação Calouste Gulbenkiand2003 a892 p.cil. ; brochadod23 cm  aTextos universitários de ciências sociais e humanas aAntonio Landi, foi um arquiteto e desenhador bolonhês aDesenho. Design. Artes e Ofícios Aplicados  a74vPTzpor aMendonçabIsabel Mayer Godinho aPTbBMMNgRPC cVanda